000 00862nam0a2200289 i 4500
001 RU\NLR\BIBL_A\011260233
005 20240921213129.0
010 _a9785444454787
_93000
021 _aRU
_b2016-79043
_95150
035 _a(NLR Aleph) 011260233
090 _a12211026
_c12211026
100 _a20161031d2016 m y0rusy50 ca
101 0 _arus
102 _aRU
105 _aa z 000ay
200 1 _aКинжал с мальтийским крестом
_e[роман]
_fМарта Таро
210 _aМосква
_cВече
_d2016
215 _a318, [1] с.
_cил.
_d21
225 1 _aГалантный детектив
333 _a16+
686 2 _aШ6(2=Р)8-446
700 1 _aТаро
_bМ.
_gМарта
_9176340
_3RU\NLR\AUTH\770176391
942 _cBOOK
980 _aNBR